000 00515nam a2200193Ia 4500
999 _c1594
_d1594
003 OSt
005 20200930143342.0
008 190216s9999||||xx |||||||||||||| ||und||
020 _a1403928185
040 _coclc
082 _a635
_bRAO/T
100 _aRao, K Manibhushan
_95233
245 0 _aTextbook Of Horticulture /
_cK Manibhushan Rao
250 _a2nd Ed.
260 _bMacmillan,
_aDelhi:
_c2005.
300 _a295p
650 _aBotany
942 _cBK
_2ddc
_h635
_iRAO/T
_k635
_mRAO/T